Zlepšenie procesu spracovávania materiálu na pracovisku SY prostredníctvom metodiky DMAIC

Saved in:
Bibliographic Details
Main Author: Stancová, Veronika (Author)
Other Authors: Mĺkva, Miroslava (Thesis advisor)
Format: Manuscript Book
Language:Slovak
Published: 2025
Subjects:
Online Access:http://is.stuba.sk/zp/portal_zp.pl?podrobnosti=183842
Tags: Add Tag
No Tags, Be the first to tag this record!

MARC

LEADER 00000ntm a22000003a 4500
001 stuzp103719
003 SK-STU
005 20250614212203.8
007 ta
008 150427s2015----xo-----f-mn---000-0-slo-d
040 |a STU  |b slo 
041 0 |a slo 
100 1 |a Stancová, Veronika  |u 064000  |4 aut  |U MTF Materiálovotechnologická fakulta  |T MTF Ústav priemyselného inžinierstva a manažmentu  |X 112456  |U M4000  |Y 84  |7 112456 
242 0 1 |a Improvement of the process of material processing at the SY workplace using the DMAIC metodics  |y eng 
245 1 0 |a Zlepšenie procesu spracovávania materiálu na pracovisku SY prostredníctvom metodiky DMAIC 
260 |c 2025 
650 4 |a process improvement  |2 eng 
650 4 |a process  |2 eng 
650 4 |a industrial engineering tools  |2 eng 
650 4 |a DMAIC  |2 eng 
650 4 |a waste  |2 eng 
650 4 |a zlepšovanie procesov  |2 slo 
650 4 |a proces  |2 slo 
650 4 |a DMAIC  |2 slo 
650 4 |a plytvanie  |2 slo 
650 4 |a nástroje priemyselného inžinierstva  |2 slo 
700 1 |a Mĺkva, Miroslava  |u 064000  |k Z1  |4 ths  |U MTF Materiálovotechnologická fakulta  |T MTF Ústav priemyselného inžinierstva a manažmentu  |X 4176  |U M4000  |Y 84  |7 A000004176 
856 4 |u http://is.stuba.sk/zp/portal_zp.pl?podrobnosti=183842 
996 |c M* DP-15643  |l MMSKP  |s P  |a 0  |w stuzp103719_0001